[Event "1st Stars Cup 2016"]
[Site "Guilan, Iran"]
[Date "2016.07.20"]
[Round "10"]
[Board "7"]
[White "Lu, Shanglei"]
[Black "Ghaem Maghami, Ehsan"]
[Result "1/2-1/2"]
[WhiteElo "2611"]
[BlackElo "2569"]
[PlyCount "0"]
[EventDate "2016.07.11"]
[EventType "team"]
[EventRounds "10"]
[EventCountry "IRI"]
[WhiteTeam "World Stars"]
[BlackTeam "Iran Stars"]

1. d4 {[%clk 1:30:53]} Nf6 {[%clk 1:30:48]} 2. c4 {[%clk 1:31:16]} c5
{[%clk 1:31:04]} 3. Nf3 {[%clk 1:31:22]} cxd4 {[%clk 1:24:57]} 4. Nxd4
{[%clk 1:31:45]} Nc6 {[%clk 1:25:22]} 5. Nc3 {[%clk 1:32:07]} g6 {[%clk 1:25:44]}
6. g3 {[%clk 1:32:23]} d6 {[%clk 1:26:08]} 7. Bg2 {[%clk 1:32:46]} Bd7
{[%clk 1:26:33]} 8. b3 {[%clk 1:32:12]} Bg7 {[%clk 1:25:57]} 9. Bb2
{[%clk 1:32:36]} O-O {[%clk 1:26:18]} 10. O-O {[%clk 1:33:00]} Qa5
{[%clk 1:26:22]} 11. Qd2 {[%clk 1:31:40]} Rfc8 {[%clk 1:23:12]} 12. Rfd1
{[%clk 1:31:56]} Rab8 {[%clk 1:23:20]} 13. Rac1 {[%clk 1:24:24]} a6
{[%clk 1:22:24]} 14. e3 {[%clk 1:21:58]} Bg4 {[%clk 1:18:58]} 15. Nce2
{[%clk 1:19:41]} Qxd2 {[%clk 1:19:18]} 16. Rxd2 {[%clk 1:20:06]} Bd7
{[%clk 1:16:45]} 17. h3 {[%clk 1:19:09]} Nxd4 {[%clk 1:16:27]} 18. Bxd4
{[%clk 1:18:34]} Bc6 {[%clk 1:16:45]} 19. Rdc2 {[%clk 1:18:17]} Bxg2
{[%clk 1:14:51]} 20. Kxg2 {[%clk 1:18:41]} Nd7 {[%clk 1:14:40]} 21. Bxg7
{[%clk 1:19:00]} Kxg7 {[%clk 1:15:04]} 22. Nf4 {[%clk 1:19:24]} Kf8
{[%clk 1:14:58]} 23. Kf3 {[%clk 1:19:24]} e6 {[%clk 1:14:47]} 24. Nd3
{[%clk 1:19:09]} Ke7 {[%clk 1:14:50]} 25. Ke2 {[%clk 1:19:21]} Nc5
{[%clk 1:15:03]} 1/2-1/2

[Event "1st Stars Cup 2016"]
[Site "Guilan, Iran"]
[Date "2016.07.20"]
[Round "10"]
[Board "8"]
[White "Khademalsharieh, Sarasadat"]
[Black "Mchedlishvili, Mikheil"]
[Result "0-1"]
[WhiteElo "2445"]
[BlackElo "2604"]
[PlyCount "0"]
[EventDate "2016.07.11"]
[EventType "team"]
[EventRounds "10"]
[EventCountry "IRI"]
[WhiteTeam "Iran Stars"]
[BlackTeam "World Stars"]

1. d4 {[%clk 1:30:56]} d6 {[%clk 1:30:30]} 2. Nf3 {[%clk 1:31:08]} g6
{[%clk 1:30:08]} 3. g3 {[%clk 1:31:18]} Bg7 {[%clk 1:29:51]} 4. c4
{[%clk 1:30:35]} e5 {[%clk 1:28:00]} 5. Nc3 {[%clk 1:30:19]} Nd7 {[%clk 1:25:46]}
6. Bg2 {[%clk 1:26:46]} Ne7 {[%clk 1:25:01]} 7. O-O {[%clk 1:25:30]} O-O
{[%clk 1:24:56]} 8. dxe5 {[%clk 1:17:31]} dxe5 {[%clk 1:23:48]} 9. Qc2
{[%clk 1:17:06]} c6 {[%clk 1:12:45]} 10. Rd1 {[%clk 1:16:22]} Qc7
{[%clk 1:01:06]} 11. b3 {[%clk 1:02:23]} Nc5 {[%clk 0:46:25]} 12. Ba3
{[%clk 1:00:16]} Qa5 {[%clk 0:42:14]} 13. Qc1 {[%clk 0:58:48]} e4
{[%clk 0:37:58]} 14. b4 {[%clk 0:52:23]} Qc7 {[%clk 0:34:21]} 15. bxc5
{[%clk 0:47:52]} exf3 {[%clk 0:34:44]} 16. Bxf3 {[%clk 0:48:19]} Nf5
{[%clk 0:31:18]} 17. Bb2 {[%clk 0:37:35]} Rd8 {[%clk 0:28:12]} 18. Rxd8+
{[%clk 0:35:57]} Qxd8 {[%clk 0:28:37]} 19. e3 {[%clk 0:35:29]} Qf6
{[%clk 0:28:34]} 20. Bg2 {[%clk 0:35:12]} Be6 {[%clk 0:27:13]} 21. Rb1
{[%clk 0:33:16]} Qe7 {[%clk 0:26:41]} 22. Ne4 {[%clk 0:33:00]} f6
{[%clk 0:24:01]} 23. Qc3 {[%clk 0:30:46]} Rd8 {[%clk 0:23:40]} 24. g4
{[%clk 0:23:41]} Nh4 {[%clk 0:22:29]} 25. g5 {[%clk 0:24:05]} Bf5
{[%clk 0:19:55]} 26. gxf6 {[%clk 0:24:02]} Qd7 {[%clk 0:20:02]} 27. f7+
{[%clk 0:11:39]} Qxf7 {[%clk 0:20:25]} 28. Qxg7+ {[%clk 0:12:06]} Qxg7
{[%clk 0:20:48]} 29. Bxg7 {[%clk 0:12:32]} Nxg2 {[%clk 0:20:59]} 30. f3
{[%clk 0:12:45]} Nh4 {[%clk 0:17:59]} 31. Bf6 {[%clk 0:12:12]} Nxf3+
{[%clk 0:18:16]} 32. Kf2 {[%clk 0:12:38]} Re8 {[%clk 0:12:58]} 33. Nd6
{[%clk 0:12:42]} Bxb1 {[%clk 0:13:13]} 34. Nxe8 {[%clk 0:13:06]} Nxh2
{[%clk 0:12:09]} 35. Bd4 {[%clk 0:13:10]} h5 {[%clk 0:11:52]} 36. a3
{[%clk 0:12:49]} Kf7 {[%clk 0:09:38]} 37. Nd6+ {[%clk 0:13:14]} Ke6
{[%clk 0:10:03]} 38. Kg3 {[%clk 0:11:11]} Nf1+ {[%clk 0:09:02]} 39. Kf4
{[%clk 0:11:04]} h4 {[%clk 0:09:04]} 40. Kg4 {[%clk 0:11:03]} g5 {[%clk 0:09:28]}
41. Ne8 {[%clk 0:03:10]} Bf5+ {[%clk 0:06:10]} 42. Kf3 {[%clk 0:03:33]} g4+
{[%clk 0:06:34]} 43. Kg2 {[%clk 0:03:53]} Bd3 {[%clk 0:06:45]} 44. Ng7+
{[%clk 0:03:56]} Kf7 {[%clk 0:06:41]} 0-1

[Event "1st Stars Cup 2016"]
[Site "Guilan, Iran"]
[Date "2016.07.20"]
[Round "10"]
[Board "9"]
[White "Ehlvest, Jaan"]
[Black "Pourramezanali, Amirreza"]
[Result "1/2-1/2"]
[WhiteElo "2524"]
[BlackElo "2509"]
[PlyCount "0"]
[EventDate "2016.07.11"]
[EventType "team"]
[EventRounds "10"]
[EventCountry "IRI"]
[WhiteTeam "World Stars"]
[BlackTeam "Iran Stars"]

1. g3 {[%clk 1:30:54]} d5 {[%clk 1:30:56]} 2. Bg2 {[%clk 1:31:18]} c6
{[%clk 1:31:22]} 3. d3 {[%clk 1:31:37]} Nf6 {[%clk 1:31:47]} 4. Nd2
{[%clk 1:30:48]} g6 {[%clk 1:29:30]} 5. Ngf3 {[%clk 1:26:05]} Bg7
{[%clk 1:29:50]} 6. e4 {[%clk 1:26:28]} dxe4 {[%clk 1:22:08]} 7. dxe4
{[%clk 1:26:47]} O-O {[%clk 1:22:28]} 8. O-O {[%clk 1:27:12]} Na6
{[%clk 1:20:27]} 9. Qe2 {[%clk 1:23:41]} Nc5 {[%clk 1:19:25]} 10. e5
{[%clk 1:10:55]} Nd5 {[%clk 1:17:39]} 11. Nb3 {[%clk 1:11:02]} Nxb3
{[%clk 1:08:24]} 12. axb3 {[%clk 1:10:30]} Bf5 {[%clk 1:01:53]} 13. Nh4
{[%clk 0:43:51]} Be6 {[%clk 0:57:45]} 14. f4 {[%clk 0:42:25]} Qd7
{[%clk 0:49:10]} 15. Bd2 {[%clk 0:40:10]} Bg4 {[%clk 0:46:01]} 16. Bf3
{[%clk 0:39:17]} Bxf3 {[%clk 0:46:09]} 17. Nxf3 {[%clk 0:38:24]} Rfd8
{[%clk 0:44:35]} 18. Rfd1 {[%clk 0:36:35]} Qc7 {[%clk 0:40:29]} 19. c4
{[%clk 0:32:01]} Nb4 {[%clk 0:37:05]} 20. Bxb4 {[%clk 0:22:53]} Qb6+
{[%clk 0:37:28]} 21. Kg2 {[%clk 0:23:19]} Qxb4 {[%clk 0:37:52]} 22. Qe3
{[%clk 0:18:02]} Rxd1 {[%clk 0:32:39]} 23. Rxd1 {[%clk 0:18:21]} a5
{[%clk 0:33:07]} 24. Rd7 {[%clk 0:13:24]} a4 {[%clk 0:32:27]} 25. bxa4
{[%clk 0:13:05]} Qxb2+ {[%clk 0:29:10]} 26. Kh3 {[%clk 0:12:42]} Qb1
{[%clk 0:28:26]} 27. Qd3 {[%clk 0:09:25]} Qxd3 {[%clk 0:27:50]} 28. Rxd3
{[%clk 0:09:45]} Rxa4 {[%clk 0:28:17]} 29. Rd8+ {[%clk 0:07:18]} Bf8
{[%clk 0:27:43]} 30. e6 {[%clk 0:07:45]} f6 {[%clk 0:26:56]} 31. Nd2
{[%clk 0:05:56]} Kg7 {[%clk 0:21:11]} 32. Kg2 {[%clk 0:03:32]} Ra2
{[%clk 0:15:15]} 33. Kf3 {[%clk 0:03:16]} f5 {[%clk 0:15:28]} 34. Ke3
{[%clk 0:02:54]} b5 {[%clk 0:15:53]} 35. cxb5 {[%clk 0:02:09]} cxb5
{[%clk 0:16:22]} 36. Rb8 {[%clk 0:02:01]} Ra6 {[%clk 0:16:07]} 37. Rxb5
{[%clk 0:02:25]} Rxe6+ {[%clk 0:16:32]} 38. Kf2 {[%clk 0:02:49]} Ra6
{[%clk 0:15:39]} 39. Rb2 {[%clk 0:02:57]} Kf6 {[%clk 0:15:36]} 40. Nf3
{[%clk 0:03:16]} Bg7 {[%clk 0:16:01]} 41. Kg2 {[%clk 0:03:19]} h6
{[%clk 0:16:02]} 42. h4 {[%clk 0:03:45]} Kf7 {[%clk 0:16:21]} 43. Rc2
{[%clk 0:01:54]} Ra3 {[%clk 0:16:41]} 44. Kf2 {[%clk 0:02:16]} Bf6
{[%clk 0:16:58]} 45. Re2 {[%clk 0:02:39]} Rb3 {[%clk 0:16:35]} 46. Kg2
{[%clk 0:02:25]} Rb8 {[%clk 0:16:58]} 47. Ne5+ {[%clk 0:02:45]} Bxe5
{[%clk 0:17:20]} 48. Rxe5 {[%clk 0:03:11]} Rb2+ {[%clk 0:17:44]} 49. Kf3
{[%clk 0:02:48]} Rb3+ {[%clk 0:17:46]} 50. Kf2 {[%clk 0:03:16]} Kf6
{[%clk 0:18:08]} 51. Ra5 {[%clk 0:03:42]} e6 {[%clk 0:18:33]} 52. Ra6
{[%clk 0:03:45]} Rb4 {[%clk 0:19:02]} 53. Kf3 {[%clk 0:03:53]} Rb8
{[%clk 0:18:31]} 54. Rc6 {[%clk 0:01:56]} Rg8 {[%clk 0:18:53]} 55. Rc7
{[%clk 0:01:39]} Rh8 {[%clk 0:13:15]} 56. Rc6 {[%clk 0:01:45]} Re8
{[%clk 0:13:44]} 57. Ra6 {[%clk 0:01:41]} g5 {[%clk 0:14:06]} 58. hxg5+
{[%clk 0:02:02]} hxg5 {[%clk 0:14:35]} 59. g4 {[%clk 0:02:19]} gxf4
{[%clk 0:14:17]} 60. Kxf4 {[%clk 0:02:19]} fxg4 {[%clk 0:14:44]} 61. Kxg4
{[%clk 0:02:43]} Ke5 {[%clk 0:15:10]} 62. Kf3 {[%clk 0:03:06]} 1/2-1/2

[Event "1st Stars Cup 2016"]
[Site "Guilan, Iran"]
[Date "2016.07.20"]
[Round "10"]
[Board "10"]
[White "Vakhidov, Jahongir"]
[Black "Idani, Pouya"]
[Result "1-0"]
[WhiteElo "2586"]
[BlackElo "2560"]
[PlyCount "0"]
[EventDate "2016.07.11"]
[EventType "team"]
[EventRounds "10"]
[EventCountry "IRI"]
[WhiteTeam "World Stars"]
[BlackTeam "Iran Stars"]

1. c4 {[%clk 1:30:43]} c5 {[%clk 1:30:56]} 2. Nf3 {[%clk 1:30:42]} Nc6
{[%clk 1:31:22]} 3. d4 {[%clk 1:30:41]} cxd4 {[%clk 1:31:48]} 4. Nxd4
{[%clk 1:30:59]} Nf6 {[%clk 1:32:16]} 5. Nc3 {[%clk 1:30:58]} e6 {[%clk 1:32:42]}
6. Bf4 {[%clk 1:30:49]} d5 {[%clk 1:33:06]} 7. e3 {[%clk 1:30:52]} Bb4
{[%clk 1:32:33]} 8. Nxc6 {[%clk 1:29:56]} bxc6 {[%clk 1:32:36]} 9. Qa4
{[%clk 1:30:04]} Qb6 {[%clk 1:31:48]} 10. Bd3 {[%clk 1:30:09]} O-O
{[%clk 1:30:38]} 11. O-O {[%clk 1:29:56]} h6 {[%clk 1:27:11]} 12. Qc2
{[%clk 1:26:42]} Ba6 {[%clk 1:22:01]} 13. Na4 {[%clk 1:23:39]} Qd8
{[%clk 1:15:15]} 14. Rfd1 {[%clk 1:20:04]} Nd7 {[%clk 1:11:53]} 15. Rac1
{[%clk 1:11:32]} Nb6 {[%clk 0:53:07]} 16. Qb3 {[%clk 1:07:16]} Qe7
{[%clk 0:42:33]} 17. c5 {[%clk 0:45:33]} Bxd3 {[%clk 0:42:43]} 18. Bd6
{[%clk 0:45:46]} Qf6 {[%clk 0:41:20]} 19. Rxd3 {[%clk 0:31:59]} Nxa4
{[%clk 0:41:31]} 20. Qxa4 {[%clk 0:32:18]} Qxb2 {[%clk 0:41:29]} 21. Rdd1
{[%clk 0:32:37]} Qa3 {[%clk 0:34:07]} 22. Qxa3 {[%clk 0:32:46]} Bxa3
{[%clk 0:34:34]} 23. Rc3 {[%clk 0:32:54]} Bb2 {[%clk 0:34:54]} 24. Rb3
{[%clk 0:33:06]} Bf6 {[%clk 0:35:19]} 25. Bxf8 {[%clk 0:33:23]} Kxf8
{[%clk 0:35:45]} 26. Rdb1 {[%clk 0:33:31]} Ke8 {[%clk 0:34:49]} 27. Rb8+
{[%clk 0:33:12]} Rxb8 {[%clk 0:35:14]} 28. Rxb8+ {[%clk 0:33:28]} Bd8
{[%clk 0:35:41]} 29. Ra8 {[%clk 0:33:20]} a5 {[%clk 0:36:06]} 30. Ra7
{[%clk 0:33:40]} 1-0